Blackpool hot spot for start-ups (Record no. 117998)
[ view plain ]
| 000 -LEADER | |
|---|---|
| fixed length control field | 01238cam a2200217 4500 |
| 001 - CONTROL NUMBER | |
| control field | WB@3612-251 |
| 008 - FIXED-LENGTH DATA ELEMENTS--GENERAL INFORMATION | |
| fixed length control field | 040914n2004 000 0 eng u |
| 035 ## - SYSTEM CONTROL NUMBER | |
| System control number | (Sirsi) u127398 |
| 245 ## - TITLE STATEMENT | |
| Title | Blackpool hot spot for start-ups |
| 260 ## - PUBLICATION, DISTRIBUTION, ETC. | |
| Date of publication, distribution, etc. | 2004 |
| 490 ## - SERIES STATEMENT | |
| Series statement | Barclays News Release |
| Volume/sequential designation | 1 September 2004 (2) |
| 490 ## - SERIES STATEMENT | |
| Series statement | Regeneration and Renewal |
| Volume/sequential designation | 10 September 2004, 13(1) |
| 520 ## - SUMMARY, ETC. | |
| Summary, etc. | New research from Barclays bank reveals that 288 888 new firms have been started up in the first six months of 2004, almost a quarter more than the same period last year (233 000). The increase could be due to the large rises of people becoming self-employed to boost their income or achieve a change in lifestyle. Regionally, London led the way with local authorities filling the top eight places (Westminster and the City at number one with 368 new businesses per 10 000 people of working age). Three of the top 10 areas for start-ups outside of London were innorthwest England - with Blackpool leading the way with 139 new businesses. http://www.newsroom.barclays.co.uk/ |
| 590 ## - LOCAL NOTE (RLIN) | |
| Local note | WB |
| 590 ## - LOCAL NOTE (RLIN) | |
| Local note | WB |
| 650 ## - SUBJECT ADDED ENTRY--TOPICAL TERM | |
| Topical term or geographic name entry element | RANKINGS |
| 650 ## - SUBJECT ADDED ENTRY--TOPICAL TERM | |
| Topical term or geographic name entry element | BUSINESS START-UPS |
| 650 ## - SUBJECT ADDED ENTRY--TOPICAL TERM | |
| Topical term or geographic name entry element | BUSINESS DEVELOPMENT |
| 690 ## - LOCAL SUBJECT ADDED ENTRY--TOPICAL TERM (OCLC, RLIN) | |
| Topical term or geographic name as entry element | ECONOMIC ISSUES |
| 942 ## - ADDED ENTRY ELEMENTS (KOHA) | |
| Suppress in OPAC | 0 |
| Withdrawn status | Lost status | Source of classification or shelving scheme | Damaged status | Not for loan | Home library | Current library | Shelving location | Date acquired | Total Checkouts | Full call number | Barcode | Date last seen | Copy number | Price effective from | Koha item type |
|---|---|---|---|---|---|---|---|---|---|---|---|---|---|---|---|
| Dewey Decimal Classification | London | London | News article | 14/09/2004 | WB4035-02 | 127398-1001 | 06/08/2019 | 1 | 06/08/2019 | News article |